France d'outre-mer - Code Insee - Statistiques

Statistiques générales
  • Ce quiz a été pris 9 fois
  • Le résultat moyen est 6 sur 11
Statistiques - réponses
Territoire Code Insee % Correct
Guadeloupe 971
89%
Martinique 972
78%
Guyane 973
78%
La Réunion 974
67%
Mayotte 976
67%
Saint-Pierre-et-Miquelon 975
56%
Saint-Barthélemy 977
44%
Saint-Martin 978
44%
Wallis-et-Futuna 986
33%
Polynésie française 987
33%
Nouvelle-Calédonie 988
33%
Aucun quiz correspondant
Distribution des résultats
% des personnes avec chaque résultat
Percentile par nombre de réponses
Votre historique - résultats
Vous n’avez pas pris ce quiz